00660nam a2200181 4500001000700000003000900007007000300016008004100019100003300060245005600093260004500149300002200194490004700216830005500263852002100318999001900339952012000358119435ES-MaACLt|070214s1932 sp r ||||1| spa d1 aPérez Lobo, Rafael.99097413aEl contrato de trabajo / cpor Rafael Pérez Lobo. aMadrid : bEdita e Imp. Castro, c[1932] a227 p. ; c19 cm.1 aBiblioteca jurídica del trabajador ; v10 aBiblioteca jurídica del trabajador ; v19218599 aES-MaACLjC-7027 c119435d119435 00104070aATENEOMbATENEOMcSPALd2008-01-17eSCl0oC-7027p1124499r2023-02-23 00:00:00w2023-02-23yMONOGRAFIA